Riconosci il Pokémon - Quiz n°368 - Statistics

Statistiche generali
  • Questo quiz è stato fatto 0 volte
  • Il punteggio medio è 0 su 10
Statistiche sulle risposte
Indizio Risposta % Corretto
Peso 32,0 kg; ???,? kg (Gigamax)
0%
Tasso di cattura 45 (11.9%)
0%
Sesso 50% ♂, 50% ♀
0%
Pokémon Butterfree
0%
Tipo Coleottero / Volante
0%
Altezza 1,1 m; > 17,0 m (Gigamax)
0%
Abilità Insettocchi; Lentifumé
0%
Tasso di allevamento Medio-Veloce
0%
Generazione Prima
0%
Stadio evoluzione Seconda evoluzione
0%
Nessun quiz corrispondente trovato
Distribuzione punteggi
Percentuale di utenti per punteggio
Percentile per numero di risposta
I tuoi punteggi nel tempo
Non hai fatto questo quiz